Central Library OPAC University of Rajshahi

বাংলার মুসলিম সমাজ ও রাজনীতি: (Record no. 39854)

MARC details
000 -LEADER
fixed length control field 01095nam a2200253 a 4500
001 - CONTROL NUMBER
control field 39854
003 - CONTROL NUMBER IDENTIFIER
rucl marc code BD-RjUL
005 - DATE AND TIME OF LATEST TRANSACTION
control field 20211209053056.0
008 - FIXED-LENGTH DATA ELEMENTS--GENERAL INFORMATION
fixed length control field 160419m20132004bg ||||| b||| 001 0 ben d
020 ## - INTERNATIONAL STANDARD BOOK NUMBER
International Standard Book Number 9789842003011
Terms of availability : Tk. 600.00
035 ## - SYSTEM CONTROL NUMBER
System control number (BD-RjUL)
040 ## - CATALOGING SOURCE
Original cataloging agency BD-RjUL
Language of cataloging ben
Transcribing agency BD-RjUL
Modifying agency BD-RjUL
041 ## - LANGUAGE CODE
Language code of text/sound track or separate title ben
082 ## - DEWEY DECIMAL CLASSIFICATION NUMBER
Edition number 23
Classification number 320.95492
Author mark and year CHB 2013
100 ## - MAIN ENTRY--PERSONAL NAME
Personal name চোধুরী, মোহাম্মদ সেকান্দর
9 (RLIN) 122784
245 00 - TITLE STATEMENT
Title বাংলার মুসলিম সমাজ ও রাজনীতি:
Remainder of title ১৯২৫ - ১৯৪০ /
Statement of responsibility, etc. মোহাম্মদ সেকান্দর চোধুরী
250 ## - EDITION STATEMENT
Edition statement ২য় সংস্করণ
260 ## - PUBLICATION, DISTRIBUTION, ETC. (IMPRINT)
Place of publication, distribution, etc. ঢাকা :
Name of publisher, distributor, etc. অ্যাডর্ন পাবলিকেশন,
Date of publication, distribution, etc. ২০১৩.
300 ## - PHYSICAL DESCRIPTION
Pagination xiv, ৩০১ পৃ. ;
Size ২২ সেমি.
504 ## - BIBLIOGRAPHY, ETC. NOTE
Bibliography, etc গ্রন্থপঞ্জি ও নির্ঘণ্ট সংযুক্ত
650 ## - SUBJECT ADDED ENTRY--TOPICAL TERM
Topical term or geographic name as entry element রাজনীতি
Geographic subdivision বাংলাদেশ
9 (RLIN) 120022
Topical term or geographic name as entry element Politics
Geographic subdivision Bangladesh
9 (RLIN) 120023
942 ## - ADDED ENTRY ELEMENTS (KOHA)
Source of classification or shelving scheme Dewey Decimal Classification
Koha item type Books
Holdings
Lost status Source of classification or shelving scheme Damaged status Not for loan Collection code Permanent Location Current Location Shelving location Date acquired Source of acquisition Cost, normal purchase price Total Checkouts Full call number Date last seen Copy number Koha item type
  Dewey Decimal Classification   Not For Loan Non-fiction Central Library, University of Rajshahi Central Library, University of Rajshahi Reading Room 13/04/2016 Bidyasagor, Rajshahi. 600.00   B 320.95492 CHB 2013 19/04/2016 C-1 Books
  Dewey Decimal Classification     Non-fiction Central Library, University of Rajshahi Central Library, University of Rajshahi   13/04/2016 Bidyasagor, Rajshahi. 600.00   B 320.95492 CHB 2013 19/04/2016 C-2 Books
  Dewey Decimal Classification     Non-fiction Central Library, University of Rajshahi Central Library, University of Rajshahi   13/04/2016 Bidyasagor, Rajshahi. 600.00   B 320.95492 CHB 2013 19/04/2016 C-3 Books